000 00418nam a2200181Ia 4500
005 20250603145350.0
008 250603s9999 xx 000 0 und d
020 _a9783400118
050 _aHB 172 .E33/
100 _aEkanem, O.T.
245 0 _aMicroeconomic theory
260 _aEdo State, Nigeria
260 _bMarch Pub.
260 _c1999
300 _a395 p
650 _aEdo State, Nigeria
942 _cBK
999 _c41652
_d41652